Guess the movie by description - Statistics

General Stats
  • This quiz has been taken 111 times
  • The average score is 14 of 15
Answer Stats
Hint Answer % Correct
A Dragon fighter tames a dragon called a "Night Fury", as they say How To Train Your Dragon
98%
A chef finds a rat and the rat is inspired by a famous chef Ratattoulle
98%
Toys come alive when their owner is away and an evil kid toy-naps them Toy Story
98%
A k-pop group are defeating demons and trying to turn the honmoon gold K-Pop Demon Hunters
97%
The Avengers try to defeat Thanos from getting all the infinity stones Avengers: Infinity War
96%
A fish gets taken by a Scuba Diver and his father and a friend crosses the sea to find him Finding Nemo
96%
A little boy gets left at home and gets robbed but an old man with a shovel saves him Home Alone
96%
A man gets thrown away by his mother and was raised by Gorillas Tarzan
96%
A Mexican boy gets taken to the land of the dead and does anything to find his Great-Great Grandfather Coco
95%
An ogre finds true love and finds a living donkey Shrek
95%
A boy talks to giant bugs and is trapped inside a fruit James and the Giant Peach
94%
Eminem stars as B-Rabbit and shows his lifetime 8 Mile
93%
A group of kids play a game and get sucked in and face hard challenges Jumanji
93%
A young boy moves to a new town and makes baseball friends and is terrified by a big dog The Sandlot
80%
Two teenage elves go on an adventure to get their dad back Onward
78%
No matching quizzes found
Score Distribution
Percent of People with Each Score
Percentile by Number Answered
Your Score History
You have not taken this quiz